书目信息 |
| 题名: |
童年
|
|
| 作者: | 高尔基 著 ;秋原 译 | |
| 分册: | ||
| 出版信息: | 北京 北京燕山出版社 2005 |
|
| 页数: | 459页 | |
| 开本: | 24cm | |
| 丛书名: | 世界文学文库 | |
| 单 册: | ||
| 中图分类: | I512.4 | |
| 科图分类: | ||
| 主题词: | 长篇小说 , 长篇小说--俄罗斯--现代 | |
| 电子资源: | ||
| ISBN: | 7-5402-1079-6 | |
| 000 | 00996oam2 2200289 450 | |
| 001 | 012000031527 | |
| 005 | 20061119144021.35 | |
| 010 | @a7-5402-1079-6@dCNY22.00 | |
| 100 | @a20050815d2005 em y0chiy0110 ea | |
| 101 | 1 | @achi@crus |
| 102 | @aCN@b110000 | |
| 105 | @aa z 000ay | |
| 200 | 1 | @a童年@9tong nian@a在人间@9zai ren jian@a我的大学@9wo de da xue@f(苏)高尔基著@g秋原等译 |
| 205 | @a2版 | |
| 210 | @a北京@c北京燕山出版社@d2005 | |
| 215 | @a459页@c图@d24cm | |
| 225 | 2 | @a世界文学文库 |
| 330 | @a在一个昏暗狭窄的房子里,我父亲停放在窗户下面的地板上。他穿着一身白衣服,身子显得特别长,他光着双脚,脚指头奇怪地张开着,一双温柔的手安静地放在胸脯上,手指弯曲着,那双快活的眼睛紧紧的闭着…… | |
| 461 | 0 | @12001 @a世界文学文库 |
| 510 | 1 | @aДетсво@zrus |
| 606 | 0 | @a长篇小说 |
| 606 | 0 | @a长篇小说@y俄罗斯@z现代 |
| 690 | @aI512.4@v3 | |
| 701 | 1 | @a高尔基@9gao er ji@4著 |
| 702 | 0 | @a秋原@9qiu yuan@4译 |
| 801 | 0 | @aCN@bNLC@c20061119 |
| 905 | @a10447@dI512.4@e10=2-2 | |
| 童年;在人间;我的大学/(苏)高尔基著/秋原等译.-2版.-北京:北京燕山出版社,2005 |
| 459页:图;24cm.-(世界文学文库) |
| ISBN 7-5402-1079-6:CNY22.00 |
| 在一个昏暗狭窄的房子里,我父亲停放在窗户下面的地板上。他穿着一身白衣服,身子显得特别长,他光着双脚,脚指头奇怪地张开着,一双温柔的手安静地放在胸脯上,手指弯曲着,那双快活的眼睛紧紧的闭着…… |
| ● |
| 相关链接 |
|
|
|
|
正题名:童年
索取号:I512.4/10=2-2
 
预约/预借
| 序号 | 登录号 | 条形码 | 馆藏地/架位号 | 状态 | 备注 |
| 1 | 0393639 | 203936394 | 第一样本阅览室/ [索取号:I512.4/10=2-2] | 在馆 | |
| 2 | 0393640 | 203936401 | 第二借阅区/ [索取号:I512.4/10=2-2] | 在馆 | |
| 3 | 0393641 | 203936410 | 第二借阅区/ [索取号:I512.4/10=2-2] | 在馆 | |
| 4 | 0393642 | 203936429 | 第二借阅区/ [索取号:I512.4/10=2-2] | 在馆 | |
| 5 | 0393643 | 203936438 | 第二借阅区/ [索取号:I512.4/10=2-2] | 在馆 |